000049826 001__ 49826
000049826 005__ 20230317220949.0
000049826 0247_ $$2doi$$a10.1007/BF01547500
000049826 0247_ $$2ISSN$$a1434-601X
000049826 0247_ $$2ISSN$$a1434-6001
000049826 0247_ $$2ISSN$$a1431-5831
000049826 037__ $$aGSI-2013-01453
000049826 041__ $$aEnglish
000049826 082__ $$a530
000049826 1001_ $$0P:(DE-HGF)0$$aJakubaßa, D. H.$$b0$$eCorresponding author
000049826 245__ $$aSemiclassical theory of positron emission in transient supercritical atoms
000049826 260__ $$aBerlin$$bSpringer$$c1976
000049826 3367_ $$0PUB:(DE-HGF)16$$2PUB:(DE-HGF)$$aJournal Article$$bjournal$$mjournal$$s1365425671_1978
000049826 3367_ $$2DRIVER$$aarticle
000049826 3367_ $$2BibTeX$$aARTICLE
000049826 3367_ $$00$$2EndNote$$aJournal Article
000049826 536__ $$0G:(DE-HGF)POF2-899$$a899 - ohne Topic (POF2-899)$$cPOF2-899$$fPOF I$$x0
000049826 588__ $$aDataset connected to CrossRef, repository.gsi.de
000049826 7001_ $$0P:(DE-HGF)0$$aKleber, M.$$b1
000049826 773__ $$0PERI:(DE-600)1459066-9$$a10.1007/BF01547500$$gVol. 277, no. 1, p. 41 - 46$$n1$$p41 - 46$$tThe @European physical journal / A$$v277$$x1434-601X$$y1976
000049826 909CO $$ooai:repository.gsi.de:49826$$pVDB
000049826 9101_ $$0I:(DE-Ds200)20121206GSI$$6P:(DE-HGF)0$$aGSI Helmholtzzentrum für Schwerionenforschung GmbH$$b0$$kGSI
000049826 9131_ $$0G:(DE-HGF)POF2-899$$1G:(DE-HGF)POF2-890$$2G:(DE-HGF)POF2-800$$3G:(DE-HGF)POF2$$4G:(DE-HGF)POF$$aDE-HGF$$bProgrammungebundene Forschung$$lohne Programm$$vohne Topic$$x0
000049826 915__ $$0StatID:(DE-HGF)0010$$2StatID$$aJCR/ISI refereed
000049826 915__ $$0StatID:(DE-HGF)0100$$2StatID$$aJCR
000049826 915__ $$0StatID:(DE-HGF)0110$$2StatID$$aWoS$$bScience Citation Index
000049826 915__ $$0StatID:(DE-HGF)0111$$2StatID$$aWoS$$bScience Citation Index Expanded
000049826 915__ $$0StatID:(DE-HGF)0150$$2StatID$$aDBCoverage$$bWeb of Science Core Collection
000049826 915__ $$0StatID:(DE-HGF)0199$$2StatID$$aDBCoverage$$bThomson Reuters Master Journal List
000049826 915__ $$0StatID:(DE-HGF)0200$$2StatID$$aDBCoverage$$bSCOPUS
000049826 915__ $$0StatID:(DE-HGF)0420$$2StatID$$aNationallizenz
000049826 915__ $$0StatID:(DE-HGF)1020$$2StatID$$aDBCoverage$$bCurrent Contents - Social and Behavioral Sciences
000049826 920__ $$lyes
000049826 9201_ $$0I:(DE-Ds200)THE-20051214OR028$$kTHE$$lTheorie$$x0
000049826 980__ $$ajournal
000049826 980__ $$aVDB
000049826 980__ $$aI:(DE-Ds200)20120319OR028
000049826 980__ $$aI:(DE-Ds200)THE-20051214OR028
000049826 980__ $$aUNRESTRICTED